Southville International School and Colleges
Your cart is empty.
  • Cart
  • Lists
    Public lists list_1 View all
    Your lists Log in to create your own lists
  • Log in to your account
  • Your cookies
  • Search history
Southville International School and Colleges
  • Advanced search
  • Recent comments
  • Most popular
  • Libraries

Log in to your account

Log in with GOOGLE


If you do not have an external account, but do have a local account, you can still log in:

  1. Home
  2. MARC view: Xuexiao Guanlixue /
Normal view MARC view ISBD view

Xuexiao Guanlixue / (Record no. 345065)

[ view plain ]
MARC details
000 -LEADER
fixed length control field 00623nam a2200253Ia 4500
008 - FIXED-LENGTH DATA ELEMENTS--GENERAL INFORMATION
fixed length control field 171120s9999 xx 000 0 und d
020 ## - INTERNATIONAL STANDARD BOOK NUMBER
International Standard Book Number 7107147765
050 ## - LIBRARY OF CONGRESS CALL NUMBER
Classification number 371.2
050 ## - LIBRARY OF CONGRESS CALL NUMBER
Item number X6 2001
100 ## - MAIN ENTRY--PERSONAL NAME
Personal name Xiao, Zongliu
245 ## - TITLE STATEMENT
Title Xuexiao Guanlixue /
245 ## - TITLE STATEMENT
Statement of responsibility, etc by Zongliu Xiao.
260 ## - PUBLICATION, DISTRIBUTION, ETC. (IMPRINT)
Place of publication, distribution, etc Beijing :
260 ## - PUBLICATION, DISTRIBUTION, ETC. (IMPRINT)
Name of publisher, distributor, etc Hai jun chu ban she,
260 ## - PUBLICATION, DISTRIBUTION, ETC. (IMPRINT)
Date of publication, distribution, etc 1988
300 ## - PHYSICAL DESCRIPTION
Extent 577 pages :
300 ## - PHYSICAL DESCRIPTION
Other physical details illustrations ;
300 ## - PHYSICAL DESCRIPTION
Dimensions 21cm.
650 ## - SUBJECT ADDED ENTRY--TOPICAL TERM
Topical term or geographic name as entry element China.
650 ## - SUBJECT ADDED ENTRY--TOPICAL TERM
Topical term or geographic name as entry element School management and organization --
650 ## - SUBJECT ADDED ENTRY--TOPICAL TERM
Topical term or geographic name as entry element School management and organization.
650 ## - SUBJECT ADDED ENTRY--TOPICAL TERM
General subdivision China.
700 ## - ADDED ENTRY--PERSONAL NAME
Personal name Title.
Holdings
Withdrawn status Lost status Damaged status Home library Current library Date acquired Total Checkouts Full call number Barcode Date last seen Price effective from Koha item type
      Stonyhurst Southville International School (Malarayat) Stonyhurst Southville International School (Malarayat) 11/20/2017   REF 371.2 X6 2001 SSISM4109 11/20/2017 11/20/2017 Books

Xuexiao Guanlixue /

APA

Xiao Z., Title, .Xuexiao Guanlixue. Beijing: .

Chicago

Xiao Zongliu, Title, .Xuexiao Guanlixue. Beijing: .

Harvard

Xiao Z., Title, .Xuexiao Guanlixue. Beijing: .

MLA

Xiao Zongliu, Title, .Beijing: . .

  • Place hold
  • Print
  • Cite
  • Add to your cart (remove)
  • Save record
    BIBTEX Dublin Core MARCXML MARC (non-Unicode/MARC-8) MARC (Unicode/UTF-8) MARC (Unicode/UTF-8, Standard) MODS (XML) RIS
  • More searches
    Search for this title in:
    Other Libraries (WorldCat) Other Databases (Google Scholar) Online Stores (Bookfinder.com) Open Library (openlibrary.org)

Exporting to Dublin Core...

SOUTHVILLE LIBRARY

Southville International School and Colleges Library

1281 Tropical Ave. Cor. Luxembourg St., BF Homes International, Las Pinas City

Tel. No. 8256374 / 252358 Loc. 117/146

Powered by Koha